00557nam a22000977a 4500008004100000010001200041245007800053260000900131500014900140500017000289110616t xxu||||| |||| 00| 0 eng d aCACAF46 aCourt of Appeal Criminal Appeal No. 45 OF 2000 Nakityo Everlyn Vs Uganda  c2000 aCoram: Hon. Lady Justice A.E.N. Mpagi-Bahigeine, JA Hon. Mr. Justice J.P. Berko, JA Hon. Lady Justice C.N.B. Kitumba, JA aAppeal against conviction and sentence of 5 years imprisonment of the High Court at Kampala Justice J.B.A Katutsi dated 13.9.99, Criminal Session Case No. 61 of 1998